Tìm hiểu các qui định xử phạt vi phạm hành chính trong lĩnh vực đất đai-nhà ở

שמור ב:
מידע ביבליוגרפי
מחבר ראשי: Nguyễn, Ngọc Điệp
פורמט: ספר
שפה:Undetermined
יצא לאור: Cà Mau Mũi Cà Mau 1998
נושאים:
תגים: הוספת תג
אין תגיות, היה/י הראשונ/ה לתייג את הרשומה!
Thư viện lưu trữ: Trung tâm Học liệu Trường Đại học Cần Thơ
LEADER 00705nam a2200205Ia 4500
001 CTU_39871
008 210402s9999 xx 000 0 und d
020 |c 15000 
082 |a 346.0432 
082 |b Đ307 
100 |a Nguyễn, Ngọc Điệp 
245 0 |a Tìm hiểu các qui định xử phạt vi phạm hành chính trong lĩnh vực đất đai-nhà ở 
245 0 |c Nguyễn Ngọc Điệp 
260 |a Cà Mau 
260 |b Mũi Cà Mau 
260 |c 1998 
650 |a Housing,Land tenure,Landord 
650 |x Law and legislation,Law and legislation 
904 |i Nguyễn Quang Điền, 001211 
980 |a Trung tâm Học liệu Trường Đại học Cần Thơ